000 00452nam a2200169Ia 4500
008 230917s9999||||xx |||||||||||||| ||und||
020 _cRS 695.00
040 _e5011677
_aMAIN
041 _aEnglish
082 _a658.421 B227P
100 _aBansal, Sanjeev
245 0 _aPractice in entrepreneurship and finance
260 _aNew Delhi
_bManakin Press
_c2017
300 _avi, 168 p.
500 _a3939 03/01/2020 HBD20/8160 14/01/2020
942 _cBK
999 _c1205
_d1205